Microarray analysis of the physical genome: Methods and protocols (Record no. 395244)

MARC details
000 -LEADER
fixed length control field 00609 a2200217 4500
005 - DATE & TIME
control field 20260205142705.0
008 - FIXED-LENGTH DATA ELEMENTS--GENERAL INFORMATION
fixed length control field 260205b |||||||| |||| 00| 0 eng d
020 ## - ISBN
International Standard Book Number 9781603271912
Price € 99.99
040 ## - CATALOGING SOURCE
Original cataloging agency VIVEKANANDA LIBRARY
082 ## - DDC NUMBER
Classification number 572.88
Book Number P761M
100 ## - MAIN ENTRY--PERSONAL NAME
Personal name Pollack, Jonathan R, ed.
245 ## - TITLE STATEMENT
Title Microarray analysis of the physical genome: Methods and protocols
260 ## - PUBLICATION, DISTRIBUTION, ETC. (IMPRINT)
Name of publisher, distributor, etc Humana Press
Date of publication, distribution, etc 2009
Place of publication, distribution, etc New York
300 ## - PHYSICAL DESCRIPTION
Pages x, 223
440 ## - Series Statement
Series Title Methods in molecular biology: 556
650 ## - Subject
Subject Biochemistry
650 ## - Subject
Subject Nucleic Acids
650 ## - Subject
Subject Genetics
650 ## - Subject
Subject Molecular Biology
942 ## - ADDED ENTRY ELEMENTS (KOHA)
Koha item type Books
Holdings
Withdrawn status Lost status Source of classification or shelving scheme Damaged status Not for loan Location (home branch) Sublocation or collection (holding branch) Shelving location Date acquired Koha issues (times borrowed) Koha full call number Accession No. Koha date last seen Koha item type
    Dewey Decimal Classification     VIVEKANANDA LIBRARY VIVEKANANDA LIBRARY Vivekananda Library 22/01/2026   572.88 P761M 444383 22/01/2026 Books
© Designed and Maintained by Vivekananda Library, MDU Rohtak